Zemplén a Váradi Regesztromban. IV

Rozvádzanie názvov obcí a mien z Registra. Obec Oborín má názov podľa panstva Abra-Abara, čo má byť maďarská podoba Abraháma z čias Arpádovcov. Ďľšia etymológia názvu Heuisz sa týka južného Abova.

Podrobná bibliografia
Hlavný autor: Dongó Gy., Géza (Author)
Médium: Článok
Jazyk:Hungarian
Témy:
Zdroj: 1. Adalékok Zemplénvármegye Történetéhez 1. Roč. 11, č. 10-11 (1905) s. 245-249
LEADER 01061nab#a2200301#ar4500
001 000076944
003 SVKKK
005 20060717xxxxxxx.
008 06 c xo huno
FMT
038 |a SVKKK 
040 |a SVKKK  |b slo  |e AACR2 
041 0 |a hun 
044 |a xo  |c SK 
080 |a 943.76 
100 1 |a Dongó Gy., Géza  |4 aut 
242 1 0 |a Zemplín vo Veľkovaradínskom Registri. IV 
245 1 0 |a Zemplén a Váradi Regesztromban. IV  |c Géza Dongó Gy. 
520 2 |a Rozvádzanie názvov obcí a mien z Registra. Obec Oborín má názov podľa panstva Abra-Abara, čo má byť maďarská podoba Abraháma z čias Arpádovcov. Ďľšia etymológia názvu Heuisz sa týka južného Abova. 
650 0 4 |a miestopis historický, Zemplínska župa - etymológia názvov obcí - Oborín (TV) - čriepky historické 
773 0 |t Adalékok Zemplénvármegye Történetéhez  |g Roč. 11, č. 10-11 (1905) s. 245-249 
957 |a Oborín 
958 |a DG 
958 |a SK 
974 |a Ba  |d 20060717 
992 |a RBX 
BAS
998 |a RETRO